| 000 | 00789nam a22001937a 4500 | ||
|---|---|---|---|
| 999 |
_c7735 _d7735 |
||
| 003 | AR-CdUCM | ||
| 008 | 190321b ||||| |||| 00| 0 spa d | ||
| 040 |
_aMUNICIPALIDAD PROVINCIAL DEL CUSCO _cBIBLIOTECA MUNICIPAL DEL CUSCO |
||
| 082 |
_a657.61 / _bV66 |
||
| 100 |
_aVillalba Pacheco, Máximo _921853 |
||
| 245 | _aPlan contable general empresarial aplicable a la contabilidad comercial / | ||
| 260 |
_aCusco : _bRicardo Palma, _c2011. |
||
| 300 |
_a373 páginas ; _c26 cm. |
||
| 505 | _aTipos de contabilidad -- Objetivos de la contabilidad -- Importancia de la contabilidad -- Condiciones que debe reunir la contabilidad de un empresa -- Clases de contabilidad ... | ||
| 650 |
_aPlan contable general _921854 |
||
| 650 |
_aContabilidad _910543 |
||
| 942 |
_2ddc _cLIBROS |
||
| 945 | _aacv | ||